01099nam a2200277 a 450000100060000000300080000600500170001400800410003102000150007203500190008704000350010604100080014108200280014910000300017724501160020726000520032330000310037549000570040650000190046365000550048265100570053783000590059494200120065399900170066595201390068260566BD-RjUL20211209080846.0170101s1981 enka b 001 0 eng d a0521237203 a(BD-RjUL)60690 aBD-RjULcBD-RjULdBD-RjULbeng aeng a382.60941223bWIE 19811 aWinters, L. Alan.918038013aAn econometric model of the export sector :bU.K. visible exports and their prices 1955-1973 /cL. Alan Winters aCambridge :bCambridge University Press,cc1981 ax, 251 p. :bill. ;c24 cm aCambridge studies in applied econometrics, vno. 4.  aIncludes index 0aPriceszGreat BritainxMathematical models9180381 0aGreat BritainxCommercexMathematical models9180382 0aCambridge studies in applied econometrics ;v49180384 2ddccBK c60566d60566 00102ddc40718NFICaRUCLbRUCLcReadingd1985-05-07eTulipg448.25l0o382.60941 WIE 1981r2017-01-01 00:00:00tC-1w2017-01-01yBK